000 01053nam a2200349Ia 4500
003 OSt
005 20220912153139.0
006 a|||||r|||| 00| 0
007 ta
008 220909b |||||||| |||| 00| 0 eng d
020 _a0471183873 (hbd)
024 _a8205
037 _bSelectbook,
037 _cTextual
040 _aCSL
_beng
_cCSL
041 _aeng
082 _aB2812, P0.1
100 _aKotz Samuel
245 0 _aContinuous multivariate distributions
250 _a2
260 _aNew York
_b John Wiley Sons Inc
_c2000
300 _ap.
_ccm.
490 _aWiley series in probability and statistics
500 _aCONTENTS:V1: Models and applications (xxii,722p), Includes bibliographical references, Indexes (697-722p)
650 _a Distribution theory
650 _a Probability
650 _aStatistics
700 _a Balakrishnan N
700 _a Johnson Norman L
942 _hB2812, P0.1
_cTEXL
_2CC
999 _c99055
_d99055